[Event "Kashem Chowdhury Rating-A 2019"]
[Site "Dhaka"]
[Date "2019.05.12"]
[Round "9.7"]
[White "Rahman, Syed Mahfuzur"]
[Black "Md Sariatullah"]
[Result "1-0"]
[WhiteElo "2217"]
[BlackElo "2018"]
[Annotator "TA"]
[PlyCount "108"]
[EventDate "2019.05.04"]
[EventType "swiss"]
[EventCountry "BAN"]
[SourceTitle "playchess.com"]
[Source "ChessBase"]
[SourceQuality "1"]

{[%evp 13,108,64,65,58,79,89,89,88,98,62,83,83,75,78,99,91,124,120,106,96,102,104,116,120,159,144,154,164,168,172,180,158,170,81,308,305,296,306,456,421,429,411,463,481,476,450,473,461,470,439,504,508,532,514,725,594,663,552,698,683,730,300,254,0,673,661,760,578,806,794,786,739,999,978,1183,1359,1202,1316,1327,1267,1629,1597,1600,1489,1436,1392,2107,1829,6332,6120,29982,29983,29987,29988,29988,29989,29989]} 1. d4 b6 2. e4 Bb7 3. Bd3 e6 4. Nf3 c5 5. c3 cxd4 6. cxd4 Nf6 7. Qe2 Bb4+ 8. Nbd2 {B00: Queen's Fianchetto Defence, Nimzowitsch Defence} d5 (8... Nc6 9. O-O O-O 10. Rd1 Rc8 11. a3 Be7 12. b4 d6 13. Bb2 a5 14. d5 exd5 15. exd5 Ne5 {1-0 (25) Zvjaginsev,V (2658)-Gabuzyan,H (2553) Moscow 2015}) 9. e5 Ne4 10. O-O {[%cal Rd2e4] White is better.} Nxd2 11. Nxd2 O-O $146 ({Predecessor:} 11... Nc6 12. Qg4 O-O 13. Nf3 f5 14. exf6 Qxf6 15. Ng5 {1-0 (33) Muller,E (2166)-Chauvin,D (1876) Metz 2019}) 12. a3 Be7 13. b4 Nc6 14. Qg4 Qd7 15. Nf3 f5 16. exf6 $1 Bxf6 17. Re1 Rae8 18. Bb2 $40 {[%mdl 128] Black is in trouble.} Qf7 19. Rac1 Re7 20. Rc2 Rc8 21. Rec1 {Hoping for b5.} Rec7 22. Qf4 {Threatens to win with b5.} Bd8 23. Qxf7+ (23. Qg3 $18 {is more deadly.}) 23... Rxf7 $2 {[#]} (23... Kxf7 $16 {is a better defense.} 24. h4 (24. Bxh7 g6 $11) 24... h6) 24. b5 $1 $18 {[%cal Rb5c6]} Ne7 25. Ng5 {[%mdl 64] Double Attack} Rxc2 (25... Rf6 $142 26. Bxh7+ Kh8) 26. Bxh7+ ({Less strong is} 26. Bxc2 Rf6 $18) 26... Kf8 27. Bxc2 Nc8 28. Nxf7 Kxf7 29. Bd3 Nd6 30. f3 Ke7 31. g4 Kd7 32. Kg2 Bg5 33. Rc2 Bf4 34. h4 Nf7 35. Bg6 Nh8 36. Bh7 Nf7 37. Bg8 (37. Bc1 $142 Bd6 38. a4) 37... Nh6 38. Bh7 $2 (38. Bc1 Bxc1 {[#]} 39. Bxe6+ $1 {[%mdl 512]} (39. Rxc1 Nxg8 40. h5 Nf6 $16) 39... Kxe6 40. Rxc1) 38... Nf7 $1 39. g5 Nd6 40. Bd3 Nf7 41. Kh3 Kd8 42. Kg4 e5 43. Re2 Bc8+ 44. Bf5 Bxf5+ 45. Kxf5 {[%mdl 4096] Endgame KRB-KBN} Nd6+ 46. Kg4 Nc4 47. dxe5 Be3 48. f4 d4 49. h5 Ke7 50. h6 gxh6 51. gxh6 d3 52. Rh2 {White mates.} d2 {[#]} 53. Rxd2 $1 {[%mdl 576] Promotion} Bxd2 (53... Nxd2 54. h7) 54. h7 Ne3+ {Accuracy: White = 75%, Black = 34%.} 1-0

[Event "Kashem Chowdhury Rating-A 2019"]
[Site "Dhaka"]
[Date "2019.05.12"]
[Round "9.8"]
[White "Ahmed, Sk. Nasir"]
[Black "Mohammad, Javed"]
[Result "1-0"]
[WhiteElo "2170"]
[BlackElo "2152"]
[Annotator "RC"]
[PlyCount "105"]
[EventDate "2019.05.04"]
[EventType "swiss"]
[EventCountry "BAN"]
[SourceTitle "playchess.com"]
[Source "ChessBase"]
[SourceQuality "1"]
[TimeControl "5400+30"]

1. c4 {[%emt 0:00:00]} Nf6 {[%emt 0:02:02]} 2. g3 {[%emt 0:00:15]} c5 {[%emt 0:01:29]} 3. Bg2 {[%emt 0:00:26]} Nc6 {[%emt 0:00:06]} 4. Nf3 {[%emt 0:00:36]} g6 {[%emt 0:00:19]} 5. d4 {[%emt 0:01:21]} cxd4 {[%emt 0:00:07]} 6. Nxd4 {[%emt 0:00:07]} Bg7 {[%emt 0:00:04]} 7. Nc3 {[%emt 0:00:35]} O-O {[%emt 0:00:28]} 8. O-O {[%emt 0:00:15]} Qb6 {[%emt 0:07:17]} 9. Nc2 {[%emt 0:04:35]} d6 {[%emt 0:02:48]} 10. b3 {[%emt 0:05:24]} Be6 {[%emt 0:11:12]} 11. Rb1 {[%emt 0:05:43]} a5 {[%emt 0:09:15]} 12. Bb2 {[%emt 0:13:06]} Rfc8 {[%emt 0:02:08]} 13. e4 {[%emt 0:02:39]} Bg4 {[%emt 0:14:59]} 14. Qd2 {[%emt 0:01:33]} Ne5 {[%emt 0:00:39]} 15. Nd4 {[%emt 0:07:45]} Nc6 {[%emt 0:05:49]} 16. Ndb5 {[%emt 0:09:19]} Ne5 {[%emt 0:02:41]} 17. Na4 {[%emt 0:00:22]} Qd8 {[%emt 0:03:47]} 18. h3 {[%emt 0:10:19]} Bd7 {[%emt 0:02:51]} 19. f4 {[%emt 0:00:15]} Nc6 {[%emt 0:06:01]} 20. Qf2 {[%emt 0:11:16]} Ra6 {[%emt 0:25:58]} 21. e5 {[%emt 0:01:35]} Ne8 {[%emt 0:00:00]} 22. Rbd1 {[%emt 0:00:35]} b6 {[%emt 0:00:00]} 23. exd6 {[%emt 0:01:29]} exd6 {[%emt 0:00:00]} 24. Bxg7 {[%emt 0:00:34]} Kxg7 {[%emt 0:00:00]} 25. Nxd6 {[%emt 0:00:38]} Nxd6 {[%emt 0:00:00]} 26. Rxd6 {[%emt 0:00:03]} Qc7 {[%emt 0:00:00]} 27. Rfd1 {[%emt 0:00:27]} Be8 {[%emt 0:00:00]} 28. Qb2+ {[%emt 0:03:32]} Kg8 {[%emt 0:00:00]} 29. Qf6 {[%emt 0:00:04]} Ne7 {[%emt 0:00:00]} 30. Rxb6 {[%emt 0:05:26]} Rxb6 {[%emt 0:00:00]} 31. Nxb6 {[%emt 0:00:03]} Rb8 {[%emt 0:03:47]} 32. Nd5 {[%emt 0:03:23]} Nxd5 {[%emt 0:01:14]} 33. Bxd5 {[%emt 0:00:34]} a4 {[%emt 0:00:09]} 34. Re1 {[%emt 0:02:33]} axb3 {[%emt 0:01:05]} 35. axb3 {[%emt 0:00:04]} Qc5+ {[%emt 0:00:21]} 36. Kg2 {[%emt 0:01:52]} Qf8 {[%emt 0:00:28]} 37. Re3 {[%emt 0:01:33]} Qg7 {[%emt 0:01:26]} 38. Qxg7+ {[%emt 0:00:51]} Kxg7 {[%emt 0:00:00]} 39. Re7 {[%emt 0:08:23]} Kf6 {[%emt 0:00:00]} 40. Rb7 {[%emt 0:00:00]} Rc8 {[%emt 0:00:00]} 41. Kf2 {[%emt 0:00:00]} h5 {[%emt 0:00:35]} 42. Ke3 {[%emt 0:00:00]} Rd8 {[%emt 0:01:05]} 43. b4 {[%emt 0:00:00]} Bd7 {[%emt 0:00:42]} 44. b5 {[%emt 0:00:00]} Re8+ {[%emt 0:00:36]} 45. Kf3 {[%emt 0:00:00]} Be6 {[%emt 0:00:31]} 46. Bxe6 {[%emt 0:00:00]} Kxe6 {[%emt 0:00:01]} 47. c5 {[%emt 0:00:00]} f5 {[%emt 0:00:50]} 48. b6 {[%emt 0:00:00]} Rc8 {[%emt 0:00:37]} 49. Rc7 {[%emt 0:00:00]} Rxc7 {[%emt 0:00:17]} 50. bxc7 {[%emt 0:00:00]} Kd7 {[%emt 0:00:07]} 51. Ke3 {[%emt 0:00:00]} Kxc7 {[%emt 0:00:09]} 52. Kd4 {[%emt 0:00:00]} Kc6 {[%emt 0:01:11]} 53. h4 {[%emt 0:00:00] Kd5+ [%clk 0:00:00] Ke4+} 1-0

[Event "Kashem Chowdhury Rating-A 2019"]
[Site "Dhaka"]
[Date "2019.05.12"]
[Round "9.9"]
[White "Chowdhury, Sohel"]
[Black "Nayem, Haque"]
[Result "1/2-1/2"]
[WhiteElo "2044"]
[BlackElo "2106"]
[Annotator "TA"]
[PlyCount "26"]
[EventDate "2019.05.04"]
[EventType "swiss"]
[EventCountry "BAN"]
[SourceTitle "playchess.com"]
[Source "ChessBase"]
[SourceQuality "1"]

{[%evp 14,26,18,-5,44,45,78,70,72,76,66,58,62,66,74]} 1. e4 c5 2. Nc3 d6 3. g3 g6 4. Bg2 Bg7 5. d3 Nf6 6. h3 O-O 7. Be3 Nc6 8. f4 Nh5 {B26: Closed Sicilian: 3 g3, lines with early Be3} (8... e5 9. fxe5 Nxe5 10. Nge2 b5 {½-½ (10) Horvath,J (2514)-Sveshnikov,E (2502) Amantea 2014}) 9. Nge2 Nd4 10. g4 Nxe2 11. Nxe2 Nf6 12. O-O $146 ({Predecessor:} 12. Qc1 Re8 13. O-O e6 14. Ng3 Qc7 15. f5 d5 16. Bf4 {1-0 (53) Coudari,C-Jensen Toronto 1968}) 12... Bd7 13. f5 Bc6 1/2-1/2

[Event "Kashem Chowdhury Rating-A 2019"]
[Site "Dhaka"]
[Date "2019.05.12"]
[Round "9.10"]
[White "Abdul, Momin"]
[Black "Md. Jamal Uddin"]
[Result "1-0"]
[WhiteElo "2037"]
[BlackElo "2084"]
[Annotator "NA RC"]
[PlyCount "101"]
[EventDate "2019.05.04"]
[EventType "swiss"]
[EventCountry "BAN"]
[SourceTitle "playchess.com"]
[Source "ChessBase"]
[SourceQuality "1"]
[TimeControl "5400+30"]

{[%evp 8,101,26,22,18,14,18,11,25,15,5,10,32,27,35,20,35,20,27,12,7,-28,0,-15,0,-26,0,0,14,17,22,37,49,11,17,8,41,25,66,37,82,70,88,32767,175,70,76,51,75,53,172,179,32767,32767,160,177,305,135,214,118,213,194,32767,876,770,459,569,535,568,710,768,779,682,835,647,827,749,773,32767,652,5506,762,1030,682,1339,5392,29991,557,29992,29974,32767,29976,29991,29992,29992,29993]} 1. e4 {[%emt 0:06:31]} e5 {[%emt 0:01:18]} 2. Nf3 {[%emt 0:00:04]} Nc6 {[%emt 0:00:13]} 3. Bc4 {[%emt 0:00:09]} Bc5 {[%emt 0:03:28]} 4. c3 {[%emt 0:01:17]} Nf6 {[%emt 0:02:04]} 5. d3 {[%emt 0:00:06]} d6 {[%emt 0:00:39]} 6. O-O {[%emt 0:00:26]} O-O {[%emt 0:01:46]} 7. Bb3 {[%emt 0:00:24]} Bb6 {[%emt 0:01:47]} 8. h3 {[%emt 0:00:48] C54: Giuoco Piano: 4 c3 Nf6, main lines with 5 d4 and 5 d3} Ne7 {[%emt 0:00:44]} 9. Nbd2 {[%emt 0:01:01]} a6 {[%emt 0:00:48]} (9... c6 10. Re1 Ng6 11. d4 Re8 12. Bc2 h6 13. Nf1 d5 14. exd5 e4 15. Ne5 cxd5 16. Nxg6 fxg6 {0-1 (41) Volokitin,A (2628)-Aronian,L (2805) Riadh 2017}) 10. Re1 {[%emt 0:00:34]} Ng6 {[%emt 0:01:28]} 11. Nf1 {[%emt 0:00:07]} Be6 $146 {[%emt 0:06:49]} ({Predecessor:} 11... Nh5 12. d4 Qe8 13. Be3 Nhf4 14. Ng3 Qe7 15. Kh2 Qf6 16. Nh5 {1-0 (27) Lobzhanidze,A (1979)-Diener,C (1886) Braunfels 2017}) 12. Bc2 {[%emt 0:04:40]} d5 {[%emt 0:04:10]} 13. exd5 {[%emt 0:02:02]} Nxd5 {[%emt 0:00:53]} 14. Nxe5 {[%emt 0:01:10]} Nxe5 {[%emt 0:00:16]} 15. Rxe5 {[%emt 0:00:37]} Bxf2+ $1 {[%emt 0:00:36]} 16. Kh1 {[%emt 0:00:43]} Bh4 {[%emt 0:04:58]} 17. d4 {[%emt 0:03:45]} Bf6 {[%emt 0:01:22]} 18. Re2 {[%emt 0:01:20]} Qd6 {[%emt 0:02:19]} 19. Qd3 {[%emt 0:00:50]} g6 {[%emt 0:00:25]} 20. Qf3 {[%emt 0:00:52]} Bg7 {[%emt 0:01:38]} 21. Bg5 {[%emt 0:00:21]} c6 {[%emt 0:05:45]} 22. Rae1 {[%emt 0:04:39]} Rae8 {[%emt 0:02:50]} 23. Nd2 {[%emt 0:01:50]} f6 {[%emt 0:14:50]} 24. Ne4 {[%emt 0:01:35]} Qd8 {[%emt 0:01:08]} 25. Bd2 {[%emt 0:02:23]} Nc7 {[%emt 0:02:36] [#]} ({Black should try} 25... Bf7 $14) 26. Qg3 {[%emt 0:03:03]} (26. Bf4 $1 $16) 26... Bc4 $1 {[%emt 0:04:57]} 27. Bb3 {[%emt 0:03:23]} Bxb3 {[%emt 0:01:29]} 28. axb3 {[%emt 0:00:03]} Nb5 {[%emt 0:10:57]} (28... f5 $1 $14 29. Bg5 Qd7) 29. Nc5 {[%emt 0:03:38]} Rxe2 {[%emt 0:01:28]} 30. Rxe2 {[%emt 0:00:03]} Qc8 {[%emt 0:00:42] [#]} 31. Qe1 $1 {[%emt 0:04:47]} Nd6 $2 {[%emt 0:03:53] [#]} (31... g5 $16 32. Re7 Nc7) 32. Re7 {[%emt 0:03:52]} (32. Bf4 $1 $18 {[%cal Rf4d6] is the precise move to win.} Nf7 33. Re7) 32... Rf7 {[%emt 0:03:15] [#]} (32... Nf5 $16) 33. Bf4 {[%emt 0:04:03]} (33. Re6 $1 $18 Bf8) 33... Bf8 {[%emt 0:00:32]} (33... Rxe7 $16 {might work better.} 34. Qxe7 Bf8 35. Qxf6 Ne8) 34. Re6 {[%emt 0:04:54]} Nb5 $2 {[%emt 0:04:42]} (34... Nf5 35. Re8 Re7 36. Qxe7 (36. Rxc8 Rxe1+ 37. Kh2 Kg7 $16) 36... Nxe7 37. Rxc8 Nxc8) 35. Re8 {[%emt 0:08:55]} Qf5 {[%emt 0:00:50]} 36. Ne6 {[%emt 0:05:56]} g5 {[%emt 0:01:20]} 37. Bb8 {[%emt 0:01:57]} ({Not} 37. Nxf8 Rxf8 38. Bg3 h5 $16) 37... Qd3 {[%emt 0:05:24]} 38. Kh2 {[%emt 0:02:49]} h5 {[%emt 0:01:00]} 39. Nxf8 {[%emt 0:00:25]} Rxf8 {[%emt 0:02:28]} 40. Qe6+ {[%emt 0:01:21]} Kg7 {[%emt 0:00:16]} 41. Rxf8 {[%emt 0:00:34]} Kxf8 {[%emt 0:00:01]} 42. Qxf6+ {[%emt 0:00:21] Double Attack} Ke8 {[%emt 0:00:17]} 43. Qxg5 {[%emt 0:00:34]} Qd1 {[%emt 0:00:40]} 44. b4 {[%emt 0:01:27]} (44. Qg8+ $142 Ke7 45. Bf4) 44... Kd7 {[%emt 0:00:36]} 45. Be5 {[%emt 0:01:12]} Ke6 {[%emt 0:00:36]} 46. c4 {[%emt 0:00:40]} Qe2 {[%emt 0:02:07]} 47. Qf6+ {[%emt 0:00:46]} Kd7 {[%emt 0:00:00]} 48. Qf5+ {[%emt 0:00:22]} Ke7 {[%emt 0:00:18]} 49. cxb5 {[%emt 0:00:14]} axb5 {[%emt 0:00:05]} 50. Qf6+ {[%emt 0:00:32]} Ke8 {[%emt 0:00:10]} 51. Qe6+ {[%emt 0:00:34]} 1-0

[Event "Kashem Chowdhury Rating-A 2019"]
[Site "Dhaka"]
[Date "2019.05.12"]
[Round "9.11"]
[White "Swarnavo Choudhury"]
[Black "Tajwar, Zia Tahsin"]
[Result "1/2-1/2"]
[WhiteElo "1865"]
[BlackElo "1969"]
[Annotator "NA RC"]
[PlyCount "48"]
[EventDate "2019.05.04"]
[EventType "swiss"]
[EventCountry "BAN"]
[SourceTitle "playchess.com"]
[Source "ChessBase"]
[SourceQuality "1"]
[TimeControl "5400+30"]

{[%evp 18,48,0,0,13,0,16,0,52,9,32767,80,95,84,32767,80,105,104,92,32767,89,0,49,60,52,47,44,36,37,0,-7,-31,-42]} 1. d4 {[%emt 1:30:30]} d5 {[%emt 1:30:30]} 2. Bf4 {[%emt 0:00:30]} Nf6 {[%emt 0:00:30]} 3. Nf3 {[%emt 0:00:30]} c5 {[%emt 0:00:30]} 4. e3 {[%emt 0:00:30]} Nc6 {[%emt 0:00:30]} 5. Nbd2 {[%emt 0:00:30]} e6 {[%emt 0:00:30]} 6. c3 {[%emt 0:00:30]} Be7 {[%emt 0:00:30]} 7. Bd3 {[%emt 0:00:30]} Nh5 {[%emt 0:00:30]} 8. Bg3 {[%emt 0:00:30]} f5 {[%emt 0:00:30] D02: 1 d4 d5 2 Nf3 sidelines, including 2...Nf6 3 g3 and 2...Nf6 3 Bf4} (8... Nxg3 9. hxg3 h6 10. Ne5 Nxe5 11. dxe5 Bd7 12. Qg4 Bf8 13. a4 Qc7 14. Nf3 O-O-O 15. Bb5 Kb8 16. O-O {1-0 (43) Kamsky,G (2741)-Jakovenko,D (2713) Khanty-Mansiysk 2013}) 9. Bb5 {[%emt 0:00:30]} Nxg3 {[%emt 0:00:30]} 10. hxg3 {[%emt 0:00:30]} O-O {[%emt 0:00:30]} 11. Bxc6 {[%emt 0:00:30]} bxc6 {[%emt 0:00:30]} 12. Ne5 {[%emt 0:00:30]} Qe8 {[%emt 0:00:30]} 13. Qa4 $146 {[%emt 0:00:30]} ({Predecessor:} 13. Qh5 Qxh5 14. Rxh5 {½-½ (31) Brunovsky,P (1435)-Koutny,P (1830) Bratislava 2006}) 13... Bd7 {[%emt 0:00:30]} (13... cxd4 $11 14. exd4 (14. cxd4 c5 $11) 14... c5 15. Qxe8 Rxe8) 14. Ndf3 {[%emt 0:00:30]} c4 {[%emt 0:00:30]} 15. Nxd7 {[%emt 0:00:30]} Qxd7 {[%emt 0:00:30]} 16. Ne5 {[%emt 0:00:30]} Qb7 {[%emt 0:00:30]} 17. Qxc6 {[%emt 0:00:30]} Qxc6 {[%emt 0:00:30]} 18. Nxc6 {[%emt 0:00:30]} Bd6 {[%emt 0:00:30]} 19. f4 {[%emt 0:00:30]} ({Better is} 19. Kd2 $16) 19... Rfc8 {[%emt 0:00:30]} 20. Ne5 {[%emt 0:00:30]} Rab8 {[%emt 0:00:30]} 21. O-O-O {[%emt 0:00:30]} a5 {[%emt 0:00:30]} 22. Kc2 {[%emt 0:00:30]} a4 {[%emt 0:00:30]} 23. a3 {[%emt 0:00:30]} Bxe5 {[%emt 0:00:30]} 24. dxe5 $15 {[%emt 0:00:30]} g6 $1 {[%emt 0:00:30]} 1/2-1/2